000 01460cam a2200169 4500500
005 20260111091008.0
041 _afre
042 _adc
100 1 0 _aDanneels, Godfried
_eauthor
245 0 0 _aLettre d’accompagnement de l’encyclique Ecclesia de Eucharistia
260 _c2003.
500 _a42
520 _aÀ l’occasion du 40e anniversaire de Pacem in terris (11 avril 1963), le cardinal G. Danneels propose une relecture suggestive de cette encyclique. Dans un second volet, il aborde le sujet actuel et brûlant des liens soi-disant nécessaires entre religions et violence. Enfin, il évoque le dialogue interreligieux, soulignant qu’espérer la paix, projet humainement réalisable, relève cependant d’un acte de foi en quelque sorte religieux.
520 _aOn the occasion of the 40th anniversary of Pacem in Terris (11 April 1963), Cardinal Godfried Danneels offers a suggestive re-reading of this encyclical. He follows this by taking up the difficult and highly topical theme of the supposedly necessary links between religions and violence. Finally he evokes inter-religious dialogue, highlighting the fact that hoping for peace, a humanly feasible project, nevertheless proceeds from a kind of religious act of faith.
786 0 _nNouvelle revue théologique | 125 | 4 | 2003-12-12 | p. 541-543 | 0029-4845
856 4 1 _uhttps://shs.cairn.info/revue-nouvelle-revue-theologique-2003-4-page-541?lang=fr&redirect-ssocas=7080
999 _c1620076
_d1620076